[Event "Fyli op 5th"]
[Site "Fyli"]
[Date "2012.09.29"]
[Round "3"]
[White "Gougis, Antonios"]
[Black "Maxilaris, Vasilios"]
[Result "1-0"]
[WhiteElo "1639"]
[BlackElo "1010"]
[PlyCount "75"]
[EventDate "2012.09.15"]
[EventType "swiss"]
[EventRounds "7"]
[EventCountry "GRE"]
[SourceTitle "EXT 2014"]
[Source "ChessBase"]
[SourceDate "2013.11.20"]
[SourceVersion "1"]
[SourceVersionDate "2013.11.20"]
[SourceQuality "1"]

1. d4 d5 2. c4 c6 3. Nc3 Bf5 4. Qb3 Nd7 5. cxd5 Nb6 6. e4 Bg4 7. Be3 Nf6 8. dxc6 bxc6 9. f3 Be6 10. Qc2 Nc4 11. Bxc4 Bxc4 12. b3 Be6 13. Nge2 Bc8 14. 0-0 e6 15. Na4 Bd7 16. Nc5 Bd6 17. Nxd7 Qxd7 18. Nc3 Nh5 19. Rad1 Qe7 20. e5 Bc7 21. Nd5 Qd7 22. Nxc7+ Qxc7 23. d5 Qxe5 24. Qxc6+ Ke7 25. d6+ Kf6 26. Bd4 Rhc8 27. Qe4 Kg5 28. h4+ Kh6 29. Qxe5 f6 30. Be3+ Kg6 31. Qxe6 Re8 32. Qg4+ Kf7 33. Qxh5+ Kg8 34. d7 Rf8 35. Qd5+ Kh8 36. Qxa8 Rxa8 37. d8Q+ Rxd8 38. Rxd8# 1-0